Réflexions sur l'avenir syndical / (Record no. 183125)

MARC details
000 -LEADER
campo de control de longitud fija 00677nam a2200193 i 4500
001 - NÚMERO DE CONTROL
campo de control 183125
003 - IDENTIFICADOR DE NÚMERO DE CONTROL
campo de control ES-MaACL
005 - FECHA Y HORA DE LA ÚLTIMA TRANSACCIÓN
campo de control 20230906221814.0
008 - DATOS DE LONGITUD FIJA--INFORMACIÓN GENERAL
campo de control de longitud fija 140121s1921 fr |||| | fre d
100 1# - ENTRADA PRINCIPAL--NOMBRE DE PERSONA
Nombre de persona Monatte, Pierre.
9 (RLIN) 82114
245 10 - MENCIÓN DEL TÍTULO
Título Réflexions sur l'avenir syndical /
Mención de responsabilidad, etc. P. Monatte.
260 ## - PUBLICACIÓN, DISTRIBUCIÓN, ETC.
Lugar de publicación, distribución, etc. Paris :
Nombre del editor, distribuidor, etc. Éditions de la Bibliothèque du Travail,
Fecha de publicación, distribución, etc. 1921.
300 ## - DESCRIPCIÓN FÍSICA
Extensión 32 p. ;
Dimensiones 19 cm.
490 1# - MENCIÓN DE SERIE
Mención de serie Les Cahiers du travail ;
Designación de volumen o secuencia 1re série, 9e cahier, 1er juillet 1921
650 04 - PUNTO DE ACCESO ADICIONAL DE MATERIA--TÉRMINO DE MATERIA
Término de materia o nombre geográfico como elemento de entrada Sindicalismo-
Subdivisión geográfica Francia.
9 (RLIN) 17113
830 0# - PUNTO DE ACCESO ADICIONAL DE SERIE-TÍTULO UNIFORME
Título uniforme Les Cahiers du travail ;
Designación de volumen o secuencia 1re série, 9e cahier, 1er juillet 1921
9 (RLIN) 191855
852 ## - LOCALIZACIÓN
Ubicación ES-MaACL
Número de control de estantería 1625-F-16
Holdings
Estatus retirado Estado de pérdida Estado de daño No para préstamo Colección Biblioteca de origen Biblioteca actual Ubicación en estantería Fecha de adquisición Fuente de adquisición Total de préstamos Signatura topográfica completa Código de barras Visto por última vez Precio de reemplazo Tipo de ítem Koha
        Colección de folletos Biblioteca del Ateneo de Madrid Biblioteca del Ateneo de Madrid Depósito folletos 21/01/2014     1625-F-16 1192467 23/02/2023 23/02/2023 Folleto